000 00954nam a2200253Ia 4500
003 OSt
005 20220923211146.0
006 a|||||r|||| 00| 0
007 ta
008 220922b |||||||| |||| 00| 0 hin d
020 _a8187177659 (hbk)
_c1200
024 _a233,524
037 _b1740, 25/03/2008, Vidyanidhi Prakashan
_cTextual
040 _aARTS
_cARTS
_bhin
041 _2hin
_ahin
082 _aQ1:21x, P6
100 _aपाण्डेय, देवेन्द्रनाथ, संपा.
_9158898
245 0 _aवैदिक सूक्त संग्रह
246 _aVaidik sūkta sangraha
260 _aजयपुर
_b जगदीश संस्कृत पुस्तकालय
_c2007
300 _a725पृ.
_ccm.
942 _hQ1:21x, P6
_cTEXL
_2CC
999 _c296110
_d296110